Linear differential equations with variable coefficients : criteria of stability and unstability of their solutions /
Guardado en:
| Autor Principal: | |
|---|---|
| Formato: | Libro |
| Idioma: | English Russian |
| Publicado: |
Delhi :
Hindustan Publishing Corpn. (India),
1961.
|
| Series: | International monographs on advanced mathematics and physics
|
| Etiquetas: |
Agregar Etiqueta
Sin Etiquetas, Sea el primero en etiquetar este registro!
|
| LEADER | 00678nam a22001815a 4500 | ||
|---|---|---|---|
| 001 | MAT.inmabb001201 | ||
| 008 | 031120s1961####ii############000#0#eng#d | ||
| 005 | 20170811155929.0 | ||
| 245 | 1 | 0 | |a Linear differential equations with variable coefficients : |b criteria of stability and unstability of their solutions / |c I. Z. Shtokalo. |
| 260 | |a Delhi : |b Hindustan Publishing Corpn. (India), |c 1961. | ||
| 300 | |a vii, 100 p. ; |c 22 cm. | ||
| 440 | 0 | |a International monographs on advanced mathematics and physics | |
| 500 | |a Translated from Russian. | ||
| 510 | 4 | |a MR, |c 27 #5979 | |
| 100 | 1 | |a Shtokalo, I. Z. | |
| 084 | |a 34.51 |2 MR | ||
| 041 | 1 | |a eng |h rus | |
| 859 | |h 34 |i Sh561 |p A-1332 |b BIB. MATEMATICA | ||
